Central Library OPAC University of Rajshahi

حکيم اجمل خاں / Ḥakīm Ajmal K̲h̲ān̲ / (Record no. 81699)

MARC details
000 -LEADER
fixed length control field 00685cam a22001931 4500
003 - CONTROL NUMBER IDENTIFIER
rucl marc code BD-RjUL
005 - DATE AND TIME OF LATEST TRANSACTION
control field 20230816131221.0
008 - FIXED-LENGTH DATA ELEMENTS--GENERAL INFORMATION
fixed length control field 230816s1972 ii 000 0 urdo
035 ## - SYSTEM CONTROL NUMBER
System control number (BD-RjUL)
040 ## - CATALOGING SOURCE
Original cataloging agency DLC
Transcribing agency MiU
Modifying agency DLC
Language of cataloging eng
041 ## - LANGUAGE CODE
Language code of text/sound track or separate title urd
082 ## - DEWEY DECIMAL CLASSIFICATION NUMBER
Edition number 23
Classification number 610.938
Author mark and year CHH 1972
100 0# - MAIN ENTRY--PERSONAL NAME
Personal name Chānpūrī, Kaus̲ar ;; چاند پوری, کوثر;
Dates associated with a name 1904-1990.
9 (RLIN) 8367
245 10 - TITLE STATEMENT
Title حکيم اجمل خاں / Ḥakīm Ajmal K̲h̲ān̲ /
Statement of responsibility, etc. Kauthar Chand Puri ;; کوثر چاند پوری
300 ## - PHYSICAL DESCRIPTION
Pagination 223 p.
Illustrations illus., geneal. table.
Size 18 cm.
600 10 - SUBJECT ADDED ENTRY--PERSONAL NAME
Personal name Ajmal K̲h̲ān, Muḥammad,
Dates associated with a name 1863-1927.
650 ## - SUBJECT ADDED ENTRY--TOPICAL TERM
Topical term or geographic name as entry element Medicine,
Geographic subdivision Greek and Roman
9 (RLIN) 8369
942 ## - ADDED ENTRY ELEMENTS (KOHA)
Source of classification or shelving scheme Dewey Decimal Classification
Koha item type Books
Holdings
Lost status Source of classification or shelving scheme Damaged status Not for loan Collection code Permanent Location Current Location Shelving location Date acquired Source of acquisition Cost, normal purchase price Full call number Date last seen Copy number Koha item type
  Dewey Decimal Classification   Not For Loan Non-fiction Central Library, University of Rajshahi Central Library, University of Rajshahi Reading Room 22/12/1983 india international 8.00 U 610.938 CHH 1972 16/08/2023 C-1 Books
  Dewey Decimal Classification     Non-fiction Central Library, University of Rajshahi Central Library, University of Rajshahi General Stacks 22/12/1983 Asiatic book Agency Calcattal 6.00 U 610.938 CHH 1972 16/08/2023 C-2 Books